000 00249nam a22001217a 4500
041 _aENG
100 _aChavan .S
245 _aMicrosoft word 2000
260 _aDelhi
_bUnicorn Book
_c2000
300 _a499
650 _aComputer
856 _uComputer
999 _c614
_d614